Criterios para la construcción del PEI: un enfoque investigativo

Gorde:
Xehetasun bibliografikoak
Egile nagusia: Tetay Jaime, José María (Egilea)
Formatua: Liburua
Hizkuntza:gaztelania
Argitaratua: Bogotá Magisterio 1995
Saila:Colección Mesa Redonda, 32
Gaiak:
Etiketak: Etiketa erantsi
Etiketarik gabe, Izan zaitez lehena erregistro honi etiketa jartzen!

MARC

LEADER 00000nam a2200000 a 4500
001 UCQ2877
003 CL-VaPUC
008 980731e19950000CK |||||||||||||||||spa|d
082 0 4 |a 370.78  |b TET  |2 21 
100 0 |a Tetay Jaime, José María  |e author  |9 416942 
245 1 0 |a Criterios para la construcción del PEI: un enfoque investigativo 
300 |a 139 p 
942 |c BK 
945 |d 19980731 00:00:00  |a aarredon 
260 |a Bogotá  |b Magisterio  |c 1995 
650 7 |a PROYECTO EDUCATIVO  |2 CL-VaPUC  |9 388027 
650 0 |a Administración de la enseñanza   |9 261034 
650 0 |a Gestión educacional   |9 261035 
650 0 |a Planificación de la educación   |9 307333 
650 0 |a Investigación educacional   |9 261192 
583 |a last modification  |c 20170427 01:11:15  |k Rodrigo Vera 
490 0 |a Colección Mesa Redonda, 32 
999 |c 273631  |d 273629 
952 |0 0  |1 0  |4 0  |6 370_780000000000000_TET_1995  |7 0  |8 A  |9 309405  |a BIBEDU  |b BIBEDU  |d 2019-11-20  |i 3447871  |o 370.78 TET 1995  |p 3447871  |r 2019-11-20  |w 2019-11-20  |y BK  |k EDU 
952 |0 0  |1 0  |4 0  |6 370_780000000000000_TET_1995  |7 0  |8 A  |9 309406  |a BIBEDU  |b BIBEDU  |d 2019-11-20  |i 344788K  |o 370.78 TET 1995  |p 344788K  |r 2019-11-20  |w 2019-11-20  |y BK  |k EDU 
952 |0 0  |1 0  |4 0  |6 370_780000000000000_TET_1995  |7 0  |8 A  |9 309408  |a FDOPOS  |b FDOPOS  |d 2019-11-20  |i 3790169  |o 370.78 TET 1995  |p 3790169  |r 2025-01-22  |w 2019-11-20  |y BK  |k MLA